Estudios sobre el Quijote
Saved in:
| Main Authors: | , |
|---|---|
| Format: | Bog |
| Sprog: | spansk |
| Udgivet: |
Santiago
Universidad de Chile
1955
|
| Fag: | |
| Tags: |
Tilføj Tag
Ingen Tags, Vær først til at tagge denne postø!
|
MARC
| LEADER | 00000nam a2200000 a 4500 | ||
|---|---|---|---|
| 001 | UCX6853 | ||
| 003 | CL-VaPUC | ||
| 008 | 930826e19550000CL |||||||||||||||||spa|d | ||
| 082 | 0 | 4 | |a 863.09 |b DOD |2 21 |
| 100 | 0 | |a Doddis Miranda, Antonio |e author |9 323480 | |
| 700 | 0 | |a Sepúlveda Durán, Germán |e author |9 323481 | |
| 245 | 1 | 0 | |a Estudios sobre el Quijote |
| 300 | |a v | ||
| 942 | |c BK | ||
| 945 | |d 19930826 00:00:00 |a rbrito | ||
| 260 | |a Santiago |b Universidad de Chile |c 1955 | ||
| 600 | 0 | |a Cervantes y Saavedra, Miguel de |9 267947 | |
| 650 | 0 | |a Crítica e interpretación |9 255042 | |
| 583 | |a last modification |c 19930826 00:00:00 |k Rodrigo Vera | ||
| 999 | |c 226796 |d 226794 | ||
| 952 | |0 0 |1 0 |4 0 |6 863_090000000000000_DOD_1955 |7 0 |8 A |9 225404 |a BIBEDU |b BIBEDU |d 2019-11-15 |h v.1 |i 2941058 |o 863.09 DOD 1955 |p 2941058 |r 2019-11-15 |w 2019-11-15 |y BK |k LIT | ||
| 952 | |0 0 |1 0 |4 0 |6 863_090000000000000_DOD_1955 |7 0 |8 A |9 225405 |a BIBEDU |b BIBEDU |d 2019-11-15 |h v.1 |i 2980312 |o 863.09 DOD 1955 |p 2980312 |r 2019-11-15 |w 2019-11-15 |y BK |k LIT | ||
| 952 | |0 0 |1 0 |4 0 |6 863_090000000000000_DOD_1955 |7 0 |8 A |9 225407 |a BIBEDU |b BIBEDU |d 2019-11-15 |h v.2 |i 3272788 |o 863.09 DOD 1955 |p 3272788 |r 2019-11-15 |w 2019-11-15 |y BK |k LIT | ||
| 952 | |0 0 |1 0 |4 0 |6 863_090000000000000_DOD_1955 |7 0 |8 A |9 225408 |a BIBEDU |b BIBEDU |d 2019-11-15 |h v.2 |i 3272796 |o 863.09 DOD 1955 |p 3272796 |r 2019-11-15 |w 2019-11-15 |y BK |k LIT | ||
| 952 | |0 0 |1 0 |4 0 |6 863_090000000000000_DOD_1955 |7 0 |8 A |9 225409 |a BIBEDU |b BIBEDU |d 2019-11-15 |h v.1 |i 1453041 |o 863.09 DOD 1955 |p 1453041 |r 2019-11-15 |w 2019-11-15 |y BK |k LIT | ||